header

Competitiveness and growth in Brazilian cities (Record no. 110175)

MARC details
000 -LEADER
fixed length control field 01397nam a2200361 a 4500
082 04 - DEWEY DECIMAL CLASSIFICATION NUMBER
Classification number 307.1/2160981
245 00 - TITLE STATEMENT
Title Competitiveness and growth in Brazilian cities
260 ## - PUBLICATION, DISTRIBUTION, ETC. (IMPRINT)
Place of publication Washington, D.C. :
Name of publisher World Bank,
Year of publication 2010.
300 ## - PHYSICAL DESCRIPTION
Number of Pages xv, 200 p. :
Other physical details ill.
650 #0 - SUBJECT ADDED ENTRY--TOPICAL TERM
Topical Term Regional planning
Topical Term Regional economics.
Topical Term Urban economics.
700 1# - ADDED ENTRY--PERSONAL NAME
Personal name Zhang, Ming,
856 40 - ELECTRONIC LOCATION AND ACCESS
Uniform Resource Identifier http://site.ebrary.com/lib/rucke/Doc?id=10369832

No items available.

© 2026 Rongo University
Contact us: librarian | system librarian | Rongo university